[Event "Dvorkovich Mem 2013"]
[Site "Taganrog RUS"]
[Date "2013.01.21"]
[Round "7.11"]
[White "Tunik,G"]
[Black "Korchmar,V"]
[Result "1-0"]
[WhiteElo "2437"]
[BlackElo "2260"]

1.d4 d5 2.c4 c6 3.Nf3 Nf6 4.Qc2 dxc4 5.Qxc4 Bf5 6.g3 e6 7.Bg2 Nbd7 8.O-O Be7
9.e3 O-O 10.Rd1 Qc7 11.Qe2 e5 12.dxe5 Nxe5 13.Nxe5 Qxe5 14.Nc3 Rfe8 15.Bd2 Bc5
16.h3 Rad8 17.Be1 h5 18.Rxd8 Rxd8 19.Rd1 Rxd1 20.Qxd1 Qe6 21.Kh2 Qd7 22.Qxd7 Bxd7
23.e4 Kf8 24.e5 Ne8 25.f4 Bd4 26.Bf3 f6 27.exf6 Nxf6 28.b3 Bf5 29.Kg2 Ke7
30.Ne2 Bb2 31.Bf2 Bb1 32.a4 Bc2 33.Bxa7 Bxb3 34.a5 Bd5 35.Bc5+ Ke6 36.Nd4+ Bxd4
37.Bxd4 Bxf3+ 38.Kxf3 Ne8 39.Be5 Kd5 40.Ke3 g6 41.Kd3 g5 42.Ke3 c5 43.Kf3 c4
44.Ke3 g4 45.hxg4 hxg4 46.Kd2 Kc5 47.Kc3 Kb5 48.f5 Kxa5 49.Kxc4 Kb6 50.f6  1-0

[Event "Marianske Lazne Open 2013"]
[Site "Marianske Lazne CZE"]
[Date "2013.01.22"]
[Round "5.7"]
[White "Granovskiy,A"]
[Black "Kozak,Mi"]
[Result "1/2-1/2"]
[WhiteElo "2290"]
[BlackElo "2131"]

1.d4 d5 2.c4 c6 3.Nf3 Nf6 4.Qc2 e6 5.g3 dxc4 6.Qxc4 b5 7.Qc2 Bb7 8.Bg2 Nbd7
9.O-O c5 10.Rd1 Rc8 11.Qb3 a6  1/2-1/2

[Event "Dvorkovich Mem 2013"]
[Site "Taganrog RUS"]
[Date "2013.01.23"]
[Round "9.22"]
[White "Elizarov,D"]
[Black "Baraeva,M"]
[Result "1-0"]
[WhiteElo "2409"]
[BlackElo "2187"]

1.d4 d5 2.c4 c6 3.Nf3 Nf6 4.Nbd2 g6 5.g3 Bg7 6.Bg2 O-O 7.O-O Bf5 8.b3 Ne4
9.Bb2 Nd7 10.Nh4 Nxd2 11.Qxd2 Be6 12.cxd5 cxd5 13.Rfc1 Qb6 14.Nf3 Nf6 15.Ba3 Ne4
16.Qb4 Bf6 17.e3 Rfc8 18.Ne1 Qxb4 19.Bxb4 a5 20.Ba3 Rxc1 21.Rxc1 a4 22.Bb4 axb3
23.axb3 Ra2 24.Nd3 Bd7 25.f3 Ng5 26.Nf4 Bc6 27.h4 Ne6 28.Nxe6 fxe6 29.f4 Rb2
30.Rc3 Kf7 31.Ba3 Rb1+ 32.Kh2 Ra1 33.Bc1 Bb5 34.Bb2 Ra2 35.Rc2 Bd3 36.Rd2 Bb5
37.Kh3 h5 38.Kh2 Ra6 39.Kg1 Rb6 40.Bf3 Ke8 41.Kf2 Bc6 42.Bd1 Kf7 43.Ke1 Bb5
44.Ba3 Ra6 45.Ra2 Bd3 46.Kd2 Bf1 47.Kc3 Rc6+ 48.Kb2 Bd3 49.Bb4 Ba6 50.Ra1 Ke8
51.Bc2 Kf7 52.Rc1 Rb6 53.Ba5 Rd6 54.Bb1 Rd7 55.Rc7 Rxc7 56.Bxc7 Be2 57.Kc3 b5
58.Kd2 Bf1 59.Ke1 Bh3 60.Bd3 b4 61.Kd2 Bf5 62.Bb5 Bg7 63.Ba5 Kf6 64.Bxb4 Be4
65.Bc5 Kf5 66.Be2 Bb1 67.b4  1-0

[Event "Dvorkovich Mem 2013"]
[Site "Taganrog RUS"]
[Date "2013.01.23"]
[Round "9.29"]
[White "Orekhov,N"]
[Black "Bykov,Egor"]
[Result "0-1"]
[WhiteElo "2118"]
[BlackElo "2047"]

1.d4 d5 2.c4 c6 3.Nf3 Nf6 4.Qc2 dxc4 5.Qxc4 Bf5 6.g3 Nbd7 7.Bg2 e6 8.O-O Be7
9.Nc3 h6 10.e3 Nb6 11.Qe2 Nbd5 12.Ne5 Nxc3 13.bxc3 O-O 14.e4 Bh7 15.Bb2 c5
16.Nd3 c4 17.Ne5 b5 18.Nc6 Qc7 19.Nxe7+ Qxe7 20.a4 Qb7 21.f3 a6 22.Ba3 Rfe8
23.Rfb1 Qc6 24.Bc1 e5 25.d5 Qd7 26.Be3 Rec8 27.axb5 axb5 28.Rxa8 Rxa8 29.Qb2 Rb8
30.Bf1 Qc7 31.Qb4 Nd7 32.Qe7 f5 33.Bh3 Qb7 34.Ra1 Nf6 35.Qe6+ Kh8 36.Ra7 Qc8
37.Bxh6 Qc5+ 38.Kg2 Qxa7 39.Bg5 Re8 40.Qc6 Qd7 41.Qa6 Nh5 42.exf5 Qxd5 43.Bg4 Ra8
44.Qb6 Nf6 45.Bxf6 Qd2+ 46.Kh3 Qh6+ 47.Kg2 Ra2+  0-1

[Event "Dvorkovich Mem 2013"]
[Site "Taganrog RUS"]
[Date "2013.01.23"]
[Round "9.30"]
[White "Osipov,Ad"]
[Black "Kuzovlev,Mikhail"]
[Result "0-1"]
[WhiteElo "2080"]
[BlackElo "2182"]

1.d4 d5 2.Nf3 Nf6 3.c4 c6 4.Nbd2 g6 5.g3 Bg7 6.Bg2 O-O 7.O-O Nbd7 8.Qc2 Re8
9.b3 e5 10.dxe5 Nxe5 11.Bb2 Nxf3+ 12.Nxf3 Bf5 13.Qd1 dxc4 14.bxc4 Qxd1 15.Rfxd1 Rxe2
16.Rd2 Rae8 17.Rad1 Rxd2 18.Rxd2 Ne4 19.Re2 Bxb2 20.Rxb2 Nc5 21.Bf1 Bg4 22.Nd2 Re1
23.Kg2 Be2 24.f4 b6 25.h3 Ne4  0-1

[Event "15th Nord-West Cup"]
[Site "Bad Zwischenahn GER"]
[Date "2013.01.25"]
[Round "2.3"]
[White "Epishin,V"]
[Black "Jeske,M"]
[Result "1-0"]
[WhiteElo "2582"]
[BlackElo "2123"]

1.d4 d5 2.c4 c6 3.Nf3 Nf6 4.Qb3 dxc4 5.Qxc4 e6 6.Nbd2 Be7 7.e4 b6 8.Qc2 c5
9.dxc5 Bxc5 10.e5 Nd5 11.a3 Bb7 12.Ne4 Be7 13.Bd3 h6 14.O-O O-O 15.Qe2 Nd7
16.Rd1 Qc7 17.Ng3 Nc5 18.Bb1 a5 19.Qc2 g6 20.Bxh6 Rfd8 21.Ba2 a4 22.Rd4 Rac8
23.Re1 b5 24.Rg4 Bf8 25.Bxf8 Kxf8 26.Qd2 Qe7 27.Nd4 Nc7 28.h4 Bd5 29.Bb1  1-0

[Event "TCh-CAT Div Hon 2013"]
[Site "Catalonia ESP"]
[Date "2013.01.26"]
[Round "2.9"]
[White "Colls Gelaberto,E"]
[Black "Tallo Dominguez,I"]
[Result "1/2-1/2"]
[WhiteElo "2122"]
[BlackElo "2250"]

1.Nf3 d5 2.d4 Nf6 3.c4 c6 4.Qc2 dxc4 5.a4 a5 6.e3 Bg4 7.Ne5 Be6 8.Bxc4 Bxc4
9.Qxc4 Qd5 10.Nc3 Qxc4 11.Nxc4 Na6 12.Ke2 Nb4 13.Bd2 e6 14.Na2 Nfd5 15.e4 Nxa2
16.exd5 Nb4 17.Bxb4 Bxb4 18.dxc6 bxc6 19.Rac1 Rb8 20.Ne5 Bd6 21.Nd3 Kd7 22.Rc4 f6
23.Rhc1 Rb6 24.R1c2 Rhb8 25.g3 g5 26.h3 h5 27.g4 h4 28.Kd2 R8b7 29.Kc1 Rb3
30.R2c3 R3b6 31.Rc2 Rb3 32.R2c3 R3b6 33.Rc2  1/2-1/2

[Event "Marianske Lazne GM 2013"]
[Site "Marianske Lazne CZE"]
[Date "2013.01.26"]
[Round "9.2"]
[White "Ivanov,MM"]
[Black "Kargin,A"]
[Result "1/2-1/2"]
[WhiteElo "2403"]
[BlackElo "2417"]

1.d4 d5 2.c4 c6 3.Nf3 Nf6 4.Qc2 dxc4 5.e4 b5 6.b3 cxb3 7.axb3 Bg4 8.Nbd2 Qb6
9.Bd3 e6 10.O-O Na6  1/2-1/2

[Event "18th HIT Open A 2013"]
[Site "Nova Gorica SLO"]
[Date "2013.01.30"]
[Round "9.8"]
[White "Pregarac,V"]
[Black "Unuk,Laura"]
[Result "1/2-1/2"]
[WhiteElo "2180"]
[BlackElo "2008"]

1.d4 d5 2.c4 c6 3.Nf3 Nf6 4.Qc2 a6 5.a4 e6 6.Bg5 a5 7.e3 Na6 8.Nc3 Nb4 9.Qb3 Be7
10.Be2 O-O 11.O-O b6 12.Na2 c5 13.Nxb4 axb4 14.Rfd1 Bb7 15.h3 Ne4 16.Bxe7 Qxe7
17.Nd2 f5 18.Bf1  1/2-1/2

[Event "11th Gibraltar Masters"]
[Site "Caleta ENG"]
[Date "2013.01.31"]
[Round "10.95"]
[White "Lindsoe,F"]
[Black "Kang,Leo J"]
[Result "1-0"]
[WhiteElo "2064"]
[BlackElo "2220"]

1.Nf3 d5 2.d4 Nf6 3.c4 c6 4.g3 Qb6 5.c5 Qa5+ 6.Bd2 Qc7 7.Bf4 Qa5+ 8.Nbd2 g6
9.Bg2 Bg7 10.O-O O-O 11.Re1 Nbd7 12.a3 Nh5 13.b4 Qd8 14.Bg5 h6 15.Be3 e5
16.dxe5 Nxe5 17.Nxe5 Bxe5 18.Bxh6 Re8 19.Rb1 Kh7 20.Be3 d4 21.Nc4 Bf5 22.Bd2 Bxb1
23.Qxb1 Bc7 24.Qd3 Qf6 25.Bc1 Rad8 26.h4 Qe6 27.Nd2 f5 28.Nf3 Kg8 29.Nxd4 Qf6
30.Qc4+ Kh7 31.Nf3 Rd7 32.Qb3 Bd8 33.Ng5+ Kg7 34.Bb2 Rd4 35.Bxd4 Qxd4 36.Qf7+  1-0

[Event "ch-TUR 2013"]
[Site "Antalya TUR"]
[Date "2013.02.02"]
[Round "1.61"]
[White "Severcan,Sedat Sabri"]
[Black "Keseroglu,Yigit Can"]
[Result "1-0"]
[WhiteElo "1948"]
[BlackElo "1584"]

1.d4 d5 2.c4 c6 3.Nf3 Nf6 4.g3 e6 5.Bg2 Nbd7 6.Qc2 Bd6 7.O-O O-O 8.Nbd2 e5
9.dxe5 Bxe5 10.cxd5 cxd5 11.Rd1 Re8 12.Nxe5 Nxe5 13.Nb3 Ng6 14.Bg5 Bg4 15.Rxd5 Qb6
16.Rd2 Rac8 17.Qd1 Rcd8 18.Be3 Rxd2 19.Qxd2 Qb5 20.h3 Bxe2 21.Nd4 Qd7 22.Qxe2 Qxd4
23.Bxd4 Rxe2 24.Bxb7 Re7 25.Bf3 Ne5 26.Bxe5 Rxe5 27.Rc1 g5 28.Rc7 a5 29.g4 Kg7
30.Kf1 Ne8 31.Rd7 Nf6 32.Rb7 Ne8 33.Be2 Nd6 34.Rd7 Re6 35.Bd3 Ne4 36.Bxe4 Rxe4
37.Rd5 a4 38.Rxg5+ Kf6 39.Rb5 Rc4 40.Kg2 a3 41.bxa3 Rc2 42.a4 Rxa2 43.a5 Ra3
44.f3 Kg6 45.Kg3 f6 46.h4 Ra4 47.h5+ Kh6 48.Rf5 Kg7 49.Kf2 Ra3 50.Ke2 Rc3
51.Kd2 Ra3 52.Kc2 h6 53.Kb2 Ra4 54.Kb3 Ra1 55.Kb4 Rb1+ 56.Kc5 Kf7 57.Kc6 Ke6
58.a6 Ra1 59.Kb7 Rb1+ 60.Kc6 Ra1 61.Kb6 Rb1+ 62.Rb5 Ra1 63.a7 Kd6 64.Kb7  1-0

[Event "ch-TUR 2013"]
[Site "Antalya TUR"]
[Date "2013.02.03"]
[Round "2.31"]
[White "Simsek,C"]
[Black "Babek,A"]
[Result "1-0"]
[WhiteElo "2073"]
[BlackElo "1817"]

1.d4 d5 2.Nf3 Nf6 3.c4 c6 4.Qc2 dxc4 5.Qxc4 Bf5 6.g3 e6 7.Bg2 Be7 8.O-O Nbd7
9.Nc3 O-O 10.a4 a5 11.Re1 Ne4 12.Nd2 Nd6 13.Qb3 Bg6 14.e4 Re8 15.Nf3 Nb6
16.Ne5 Bf8 17.Nxg6 hxg6 18.Bf1 Nd7 19.Be3 Rb8 20.Rad1 b5 21.e5 b4 22.exd6 bxc3
23.Qxc3 Bxd6 24.Qxc6 Bb4 25.Re2 Rc8 26.Qb5 Nf6 27.Qd3 Nd5 28.Bc1 Qd7 29.Qb5 Qc7
30.Bg2 Rb8 31.Qd3 Rec8 32.Bxd5 exd5 33.Bf4 Bd6 34.Rc1 Qd7 35.Rxc8+ Rxc8 36.Bxd6 Qxd6
37.Qd2 Qb6 38.Re7 Qf6 39.Re5 Qf3 40.Re3 Qf6 41.Rc3 Rb8 42.b3 Qf5 43.Qd3 Qe6
44.Qe3 Qb6 45.Kg2 Kf8 46.Qf4 Re8 47.Rc7 Qe6 48.Rc3 g5 49.Qf3 g4 50.Qf4 Qg6
51.Re3 Rc8 52.Qe5 Qc6 53.Qh5 f6 54.Qxg4 Kf7 55.Qh5+ Kg8 56.Qg4 Kf7 57.h4 g6
58.Qe2 Rc7 59.Qf3 Rb7 60.h5 Rb4 61.hxg6+ Kxg6 62.Qg4+  1-0

[Event "TCh-AUT 2 East 2012-13"]
[Site "Austria AUT"]
[Date "2013.02.03"]
[Round "7.5"]
[White "Koffler,D"]
[Black "Galavics,H"]
[Result "1-0"]
[WhiteElo "2201"]
[BlackElo "2062"]

1.d4 d5 2.Nf3 Nf6 3.c4 c6 4.Qc2 e6 5.g3 Nbd7 6.Bg2 Be7 7.O-O b6 8.b3 Bb7
9.Nc3 O-O 10.e4 dxe4 11.Ng5 h6 12.Ngxe4 Nxe4 13.Qxe4 Nf6 14.Qe3 Qc7 15.Qf3 Qd7
16.Rd1 Rfd8 17.Bf4 a6 18.Na4  1-0

[Event "Moscow Open A 2013"]
[Site "Moscow RUS"]
[Date "2013.02.05"]
[Round "4.11"]
[White "Svetushkin,D"]
[Black "Iskusnyh,S"]
[Result "1-0"]
[WhiteElo "2612"]
[BlackElo "2487"]

1.d4 d5 2.c4 c6 3.Nf3 Nf6 4.Qc2 dxc4 5.Qxc4 Bf5 6.g3 e6 7.Bg2 Nbd7 8.O-O Be7
9.e3 O-O 10.Qe2 Qc7 11.Nc3 Ne4 12.Ne1 Nxc3 13.bxc3 c5 14.e4 Bg6 15.Nd3 cxd4
16.cxd4 Qc4 17.Be3 Rac8 18.Rfc1 Qa6 19.Qd1 Nf6 20.f3 Nd5 21.Bf2 Nc3 22.Qd2 Bg5
23.Be3 Bxe3+ 24.Qxe3 Qa4 25.Nf4 Nb5 26.d5 e5 27.Nd3 Qa3 28.Qd2 f6 29.f4 Nd6
30.Rxc8 Rxc8 31.Re1 Rc3 32.Nf2 Qc5 33.fxe5 Rc2 34.Qxc2 Qxc2 35.exd6 Kf8 36.Bh3 Qc3
37.Rd1 b5 38.e5 fxe5 39.Rf1 Qc5 40.d7 Ke7 41.Be6 Be4 42.h4 Kd8 43.Kh2 Bxd5
44.Bg4 Qc4 45.Rd1 e4 46.Nh3 Be6 47.Bxe6 Qxe6 48.Nf4 Qxa2+ 49.Kh3 b4 50.Rd6 Qg8
51.Ne6+ Ke7 52.d8=Q+ Qxd8 53.Rxd8 Kxe6 54.Rb8 a5 55.Rb5  1-0

[Event "73rd Noteboom Mem"]
[Site "Leiden NED"]
[Date "2013.02.08"]
[Round "1.7"]
[White "Rausis,I"]
[Black "Schroer,M"]
[Result "1-0"]
[WhiteElo "2518"]
[BlackElo "2122"]

1.Nf3 d5 2.d4 Nf6 3.c4 c6 4.Qc2 g6 5.Bf4 Bg7 6.e3 O-O 7.Nc3 c5 8.dxc5 Qa5
9.Rc1 Nc6 10.Qa4 Qxc5 11.Qb5 Qxb5 12.cxb5 Nb8 13.Be2 Nbd7 14.O-O Nb6 15.b3 Bg4
16.h3 Bxf3 17.Bxf3 Rac8 18.Rfd1 e6 19.e4 Nh5 20.Bd2 Nf6 21.Be3 Nfd7 22.Ne2 Ne5
23.Bxb6 axb6 24.exd5 Nxf3+ 25.gxf3 exd5 26.Kf1 d4 27.Ke1 Rc5 28.Rxc5 bxc5
29.Kd2 Ra8 30.a4 c4 31.bxc4 Rxa4 32.Kd3 f5 33.Nxd4 Ra3+ 34.Ke2 Rc3 35.Ne6 Rxc4
36.Rd7 Be5 37.Rxb7 Rc2+ 38.Kf1 Rb2 39.b6 h5 40.Ke1 Bc3+ 41.Kd1 Rxf2 42.Rd7 Rxf3
43.b7 Be5 44.Rd8+ Kf7 45.Ng5+ Ke7 46.Nxf3  1-0

[Event "Moscow Open B 2013"]
[Site "Moscow RUS"]
[Date "2013.02.08"]
[Round "7.9"]
[White "Suslova,A"]
[Black "Fominykh,M"]
[Result "0-1"]
[WhiteElo "2189"]
[BlackElo "2284"]

1.Nf3 Nf6 2.g3 d5 3.c4 c6 4.d4 g6 5.Bg2 Bg7 6.O-O O-O 7.Nbd2 a6 8.a4 a5 9.Qb3 Na6
10.cxd5 cxd5 11.Nb1 Nb4 12.Bd2 Bf5 13.Na3 Qb6 14.Nb5 Bc2 15.Qa3 Rfc8 16.Bxb4 axb4
17.Qxb4 Bf8 18.a5 Qa6 19.Na3 e6 20.Qe1 Bb3 21.Ne5 Qxa5 22.Qxa5 Rxa5 23.Nc2 Rxa1
24.Nxa1 Ba4 25.f3 Bb5 26.Kf2 Ne8 27.Rd1 Bb4 28.Bf1 f6 29.Ng4 Ba4 30.b3 Bd7
31.Ne3 Rc3 32.Rb1 Nd6 33.Nd1 Rc8 34.Ne3 Nb5 35.Nac2 Bd2 36.Rd1 Ba5 37.b4 Bb6
38.Ke1 Ra8 39.Ng4 Kg7 40.e3 Ra2 41.Bd3 Nc3 42.Ra1 Rxa1+ 43.Nxa1 Na2 44.Nc2 Nxb4
45.Nxb4 Ba5 46.Nf2 Bxb4+ 47.Kd1 e5 48.Ke2 Bc3 49.dxe5 fxe5 50.Nd1 Ba5 51.Nf2 h5
52.g4 hxg4 53.Nxg4 e4 54.Bc2 Bf5 55.Ba4 exf3+ 56.Kxf3 Bc7 57.Nf2 Bxh2 58.Bb3 Be6
59.Kg2 Bc7 60.e4 Kf6 61.exd5 Bf5 62.Kf3 Ke5 63.Ng4+ Kd4 64.Nf2 b5 65.Nd1 Be4+
66.Kg4 Bd6 67.Nf2 Bf5+ 68.Kf3 Kc3 69.Bd1 b4 70.Ne4+ Bxe4+ 71.Kxe4 b3 72.Be2 Kd2
73.Bc4 b2 74.Ba2 Kc2 75.Kf3 b1=Q 76.Bxb1+ Kxb1 77.Kg4 Be7 78.d6 Bd8 79.Kf4 Kc2
80.Ke5 g5 81.Kf5 Kd3  0-1

[Event "ch-TUR 2013"]
[Site "Antalya TUR"]
[Date "2013.02.09"]
[Round "11.4"]
[White "Can,E"]
[Black "Ali Marandi,C"]
[Result "1/2-1/2"]
[WhiteElo "2460"]
[BlackElo "2369"]

1.d4 d5 2.Nf3 Nf6 3.c4 c6 4.Nbd2 Bf5 5.Nh4 Bc8 6.g3 dxc4 7.Nhf3 b5 8.Bg2 Bb7
9.O-O e6 10.Qc2 c5 11.dxc5 Bxc5 12.b3 O-O 13.bxc4 Qc7 14.Bb2 Nbd7 15.Rac1 Rfc8
16.Qb1 bxc4 17.Nxc4 Bd5 18.Nce5 Nxe5 19.Bxe5 Qb6 20.Bxf6 Qxb1 21.Rxb1 gxf6
22.Nd2 Bxg2 23.Kxg2 Kg7 24.Rfc1 a5 25.a4 Bb4 26.Nb3 f5 27.h3 Kf6 28.Kf3 Rab8
29.Nd4 Rxc1 30.Rxc1 Ba3 31.Rc3 Bb2 32.Rb3 Rxb3+ 33.Nxb3 Bc3 34.Ke3 h5 35.Nc1 e5
36.f3 Be1 37.Nb3 Ke6 38.Kd3 Kd5 39.e4+ fxe4+ 40.fxe4+ Ke6 41.Ke2 Bb4 42.Kf3 f5
43.Nc1 Be1 44.g4 hxg4+ 45.hxg4 fxe4+ 46.Kxe4 Kf6 47.Nd3 Bc3 48.Kf3 Bd4 49.Nc1 Kg5
50.Nb3 Bb6 51.Nd2 Kh4 52.Nc4 Bc7 53.Ne3 Bb6 54.Nf5+ Kg5 55.Nd6 Kh4 56.Nf7 Bc7
57.Nh6 Kg5 58.Nf5 e4+ 59.Kxe4 Kxg4  1/2-1/2

[Event "TCh-FIN SM 2012-13"]
[Site "Tampere FIN"]
[Date "2013.02.09"]
[Round "10.4"]
[White "Mertanen,J"]
[Black "Koskinen,Hen"]
[Result "1-0"]
[WhiteElo "2390"]
[BlackElo "2257"]

1.d4 d5 2.c4 c6 3.Nf3 Nf6 4.Qb3 dxc4 5.Qxc4 Bg4 6.Nc3 Nbd7 7.e4 e6 8.Be2 Rc8
9.O-O Be7 10.Bg5 O-O 11.Qb3 b5 12.e5 Ne8 13.Bxe7 Qxe7 14.Rac1 Rc7 15.Ne4 f6
16.Nc5 Nb6 17.h3 Bxf3 18.Bxf3 Nc4 19.Be2 fxe5 20.Bxc4 bxc4 21.Qxc4 Rf6 22.dxe5 Rg6
23.f4 Kh8 24.b4 Rc8 25.Qe4 Rd8 26.Qxc6  1-0

[Event "TCh-FIN SM 2012-13"]
[Site "Jyvaskyla FIN"]
[Date "2013.02.10"]
[Round "11.5"]
[White "Salo,H"]
[Black "Franssila,T"]
[Result "1-0"]
[WhiteElo "2267"]
[BlackElo "2215"]

1.d4 d5 2.c4 c6 3.Nf3 Nf6 4.Qc2 e6 5.e3 Ne4 6.Nbd2 f5 7.b3 Bd6 8.Bb2 Nd7
9.a3 O-O 10.g3 Ndf6 11.Bg2 Bd7 12.O-O g5 13.Ne5 g4 14.Nd3 h5 15.a4 Nxd2 16.Qxd2 Ne4
17.Qc2 Rf7 18.Ba3 Bc7 19.Rfc1 h4 20.Nf4 Bxf4 21.exf4 hxg3 22.hxg3 Qf6 23.Bxe4 fxe4
24.Kg2 Rh7 25.Rh1 Rh3 26.Rxh3 gxh3+ 27.Kh2 Kf7 28.Bd6 Qxd4 29.Be5 Qd3 30.Qxd3 exd3
31.c5 b6 32.cxb6 axb6 33.Rd1 c5 34.Rxd3 d4 35.Bd6 Bc6 36.b4 Be4 37.Rd2 Rxa4
38.bxc5 bxc5 39.Bxc5 d3 40.Kxh3 Rc4 41.Be3 Rc2 42.Rd1 Rc3 43.Kg4 Bd5 44.Bd4 Ra3
45.Rd2 Bc4 46.Kf3 Ra2 47.Bb2 Bb3 48.Ke4 Bc2 49.Bc3 Ra3 50.Bd4 Rb3 51.f5 Rb1
52.fxe6+ Kxe6 53.f4 Re1+ 54.Be3 Re2 55.g4 Rxd2 56.Bxd2 Bd1 57.f5+ Kf7 58.Kf4 Be2
59.Kg5 Bf3 60.Bc3 Bc6 61.Kf4 Ba4 62.g5 Bb3 63.g6+ Kg8 64.Kg5 Ba2 65.Kf6 Bb1
66.Bd2 Ba2 67.Kg5 Bb3 68.Bb4 Ba2 69.f6 Be6 70.Kf4 Bb3 71.Ke5 Ba2 72.Kd6 d2
73.Bxd2  1-0

[Event "77th ch-BUL SF 2013"]
[Site "Plovdiv BUL"]
[Date "2013.02.13"]
[Round "3.3"]
[White "Enchev,I"]
[Black "Ivanov,Bor BUL"]
[Result "1/2-1/2"]
[WhiteElo "2441"]
[BlackElo "2342"]

1.d4 d5 2.Nf3 Nf6 3.c4 c6 4.Qc2 g6 5.Bf4 Bg7 6.e3 O-O 7.Nc3 c5 8.Rd1 cxd4
9.Rxd4 Nc6 10.Rd2 Bf5 11.Qa4 e6 12.Be2 Qb6 13.cxd5 Nxd5 14.Nxd5 exd5 15.O-O Rfd8
16.Rfd1 Rac8 17.Qb5 Qxb5 18.Bxb5 Be6 19.h3 a6 20.Be2 Bf6 21.Bg5 Bxg5 22.Nxg5 h6
23.Nf3 d4 24.b3 dxe3 25.fxe3 Rxd2 26.Rxd2 Kg7 27.Kf2 Kf6 28.Ne1 Ne5 29.Rc2 Rxc2
30.Nxc2 Bd5  1/2-1/2

[Event "77th ch-BUL SF 2013"]
[Site "Plovdiv BUL"]
[Date "2013.02.15"]
[Round "7.6"]
[White "Ivanov,Bor BUL"]
[Black "Galunova,T"]
[Result "1/2-1/2"]
[WhiteElo "2342"]
[BlackElo "2044"]

1.d4 d5 2.c4 c6 3.Nf3 Nf6 4.Qc2 g6 5.Bf4 Bf5 6.Qb3 Qb6 7.e3 Na6 8.Nc3 Nh5
9.Nh4 Nxf4 10.Nxf5 Qxb3 11.axb3 Nb4 12.O-O-O gxf5 13.exf4 Bh6 14.g3 O-O 15.Bd3 e6
16.cxd5 Nxd3+ 17.Rxd3 cxd5 18.Kd2 Rfc8 19.Ke3 Bf8 20.Rc1 Rc6 21.Ne2 Rac8
22.Rdc3 Bb4 23.Rxc6 Rxc6 24.Rxc6 bxc6 25.Nc1 a5 26.Nd3 f6 27.f3 h5 28.h3 Kf7
29.g4 Kg6 30.Kf2 h4  1/2-1/2

[Event "TCh-CZE Extraliga 2012-13"]
[Site "Czech Republic CZE"]
[Date "2013.02.16"]
[Round "5.7"]
[White "Michenka,J"]
[Black "Cech,P"]
[Result "1/2-1/2"]
[WhiteElo "2352"]
[BlackElo "2376"]

1.d4 d5 2.c4 c6 3.Nf3 Nf6 4.Nbd2 Bf5 5.e3 e6 6.Nh4 Be4 7.Be2 Nbd7 8.f3 Bg6
9.O-O Bd6 10.c5 Bc7 11.g3 b6 12.b4 e5 13.Qa4 exd4 14.exd4 a5 15.Qxc6 axb4
16.cxb6 Bxb6 17.Nb3 O-O 18.Nxg6 hxg6 19.Bd2 Ne5 20.Qb5 Rb8 21.Qxb4 Nc4 22.Qc3 Rc8
23.Rac1 Qd7 24.Bf4 Nh5 25.Bd2 Nf6 26.Bf4 Nh5 27.Bd2 Nf6  1/2-1/2

[Event "TCh-CZE Extraliga 2012-13"]
[Site "Czech Republic CZE"]
[Date "2013.02.16"]
[Round "5.4"]
[White "Rogozenco,D"]
[Black "Pacher,M"]
[Result "1-0"]
[WhiteElo "2498"]
[BlackElo "2436"]

1.d4 d5 2.c4 c6 3.Nf3 Nf6 4.Nbd2 Bf5 5.Qb3 Qb6 6.Nh4 Qxb3 7.axb3 Bc2 8.e3 e6
9.c5 Nbd7 10.b4 g5 11.Nhf3 g4 12.Ng1 e5 13.b5 exd4 14.exd4 Bg7 15.bxc6 bxc6
16.Ba6 O-O 17.Ne2 Rab8 18.Nf1 Rb4 19.Ne3 Bg6 20.O-O h5 21.Rd1 Rfb8 22.Bd3 R8b7
23.Nf5 Bf8 24.Nh4 Be4 25.Nf5 Rb3 26.Bxe4 Nxe4 27.Nf4 Ndf6 28.Ra6 Rc7 29.Nd3 Nd7
30.Bf4 Nb8 31.Ra2 Rd7 32.f3 Nf6 33.Be5 Ne8 34.fxg4 hxg4 35.Bxb8 Rxb8 36.Ne5 Rc7
37.Nxg4 Ng7 38.Nf6+ Kh8 39.Rf1 Rb3 40.Nd6 Ne6 41.Ra6 Nxd4 42.Ra4 Bh6 43.Kh1 Be3
44.Ng4 Ne6 45.Nxf7+ Kg8 46.Nd6 d4 47.h3 Rxb2 48.Nc4 Re2 49.Ncxe3 dxe3 50.Re4 Nxc5
51.Nf6+ Kf7 52.Nd5+ Rf2 53.Rxf2+ exf2 54.Rf4+ Ke6 55.Nxc7+ Kd7 56.Rf7+ Kd8
57.Na8 Ne4 58.Kh2 c5 59.Nc7 f1=N+ 60.Kg1 Nfg3 61.Ne6+ Ke8 62.Rxa7 c4 63.Nd4 c3
64.h4 Nd6 65.Kh2 Nf1+ 66.Kh3 Ne3 67.Rc7 Nd5 68.Rc5 Nf4+ 69.Kg4  1-0

[Event "Vladimir Petrov Memorial"]
[Site "Jurmala LAT"]
[Date "2013.02.16"]
[Round "11.5"]
[White "Krasenkow,M"]
[Black "Sandipan,C"]
[Result "0-1"]
[WhiteElo "2643"]
[BlackElo "2590"]

1.Nf3 d5 2.d4 Nf6 3.c4 c6 4.Qb3 dxc4 5.Qxc4 Bg4 6.Nbd2 e6 7.e4 Bxf3 8.gxf3 Nbd7
9.f4 c5 10.dxc5 Bxc5 11.Nb3 Rc8 12.Nxc5 Nxc5 13.Be3 O-O 14.Bxc5 b6 15.Rd1 Qe8
16.b4 bxc5 17.b5 Nh5 18.e5 Qe7 19.h4 Qb7 20.Rh3 Rfd8 21.Rhd3 Rxd3 22.Rxd3 g6
23.f3 Qe7 24.f5 exf5 25.Re3 f4 26.Re4 Rd8 27.Bd3 Ng3 28.Rxf4 Rxd3 29.Qxd3 Qxe5+
30.Re4 Nxe4 31.fxe4 Qa1+ 32.Kf2 Qxa2+ 33.Kg3 Qe6 34.Qd8+ Kg7 35.Qc7 Qb3+
36.Kf4 Qxb5 37.Qe5+ Kg8 38.Kg5 Qc6 39.Qe7 Kg7 40.e5 Qe6  0-1

[Event "Iceland-China Friendly Match"]
[Site "Reykjavik ISL"]
[Date "2013.02.16"]
[Round "5.1"]
[White "Bu Xiangzhi"]
[Black "Johannesson,Oliver"]
[Result "1-0"]
[WhiteElo "2675"]
[BlackElo "1988"]

1.Nf3 Nf6 2.c4 c6 3.d4 d5 4.Qc2 dxc4 5.Qxc4 Bf5 6.g3 e6 7.Bg2 Nbd7 8.O-O Be7
9.e3 h6 10.Qe2 O-O 11.Nc3 Ne4 12.Nd2 Nxd2 13.Bxd2 e5 14.d5 Rc8 15.e4 Bh7
16.Rfd1 Qa5 17.Bh3 Qd8 18.Be3 Nf6 19.d6 Ra8 20.Bc5 Bxd6 21.Rxd6 Qc7 22.Rad1 b6
23.Rxf6 bxc5 24.Rfd6 Rfd8 25.Rd7 Rxd7 26.Rxd7 Qc8 27.Qc4 Qf8 28.Rxf7  1-0

[Event "ch-ROU 2013"]
[Site "Baile Olanesti ROU"]
[Date "2013.02.17"]
[Round "2.19"]
[White "Dobre,ClC"]
[Black "Csaszar,Attila"]
[Result "1-0"]
[WhiteElo "2292"]
[BlackElo "2083"]

1.d4 d5 2.c4 c6 3.Nf3 Nf6 4.Nbd2 e6 5.g3 Qa5 6.Qc2 Nbd7 7.Bg2 b5 8.b3 Bb7
9.Bb2 Rc8 10.c5 Ne4 11.O-O Ndf6 12.Nxe4 Nxe4 13.Ne5 Nf6 14.f4 g6 15.g4 Rc7
16.Bc3 b4 17.Be1 Qb5 18.f5 Bg7 19.g5 Nd7 20.f6 Bf8 21.Nd3 a5 22.a3 e5 23.axb4 e4
24.Rxa5 exd3 25.exd3  1-0

[Event "US Amateur Team East 2013"]
[Site "Parsippany USA"]
[Date "2013.02.18"]
[Round "5"]
[White "Cohen,H"]
[Black "Dorobanov,S"]
[Result "0-1"]
[WhiteElo "2035"]
[BlackElo "2276"]

1.Nf3 d5 2.d4 Nf6 3.c4 c6 4.Qc2 dxc4 5.Qxc4 Bf5 6.Nc3 e6 7.Bg5 Qb6 8.Na4 Qa5+
9.Bd2 Qc7 10.Nc5 Nbd7 11.Nxd7 Nxd7 12.g3 Be7 13.Bg2 Be4 14.O-O O-O 15.Bb4 Nb6
16.Qb3 Bd5 17.Qa3 Nc4 18.Qc3 Bxb4 19.Qxb4 Qb6 20.Qxb6 axb6 21.b3 Bxf3 22.Bxf3 Nd2
23.Rfd1 Nxf3+ 24.exf3 Rfd8 25.Rd2 Rd5 26.Rc1 Rad8 27.Rc4 e5 28.Ra4 Rxd4 29.Rdxd4 exd4
30.Kf1 Kf8 31.Ke2 Ke7 32.Kd3 c5 33.Ra7 Rd7 34.a4 Kd6 35.Ra8 Kc6 36.Rc8+ Rc7
37.Rg8 f6 38.Kc4 Rd7 39.Rc8+ Kd6 40.Re8 Kc7 41.Re2 d3 42.Rd2 Kc6 43.Rxd3 Rxd3
44.Kxd3 b5 45.axb5+ Kxb5 46.Kc3 Kc6 47.h4 Kd5 48.Kd3 b5 49.g4 h6 50.f4 c4+
51.bxc4+ bxc4+ 52.Kc3 Kc5 53.g5 Kd5 54.f3 f5 55.gxh6 gxh6 56.h5 Kc5 57.Kc2 Kd4
58.Kd2 c3+ 59.Kc2 Kc4 60.Kc1 Kd3 61.Kd1 Ke3 62.Kc2 Kxf3 63.Kxc3 Kxf4 64.Kd2 Kg5
65.Ke3 Kxh5 66.Kf4 Kg6 67.Kf3 Kg5 68.Kg3 f4+ 69.Kf3 Kf5 70.Kf2 Ke4 71.Ke2 f3+
72.Kf2 Kf4 73.Kf1 Ke3 74.Ke1 f2+ 75.Kf1 h5  0-1

[Event "ch-ROU 2013"]
[Site "Baile Olanesti ROU"]
[Date "2013.02.20"]
[Round "6.19"]
[White "David,Alexandru"]
[Black "Horvat,Dan"]
[Result "1-0"]
[WhiteElo "2067"]
[BlackElo "2229"]

1.d4 Nf6 2.Nf3 d5 3.c4 c6 4.Nbd2 a6 5.e3 Bg4 6.Bd3 Nbd7 7.h3 Bh5 8.O-O e6
9.b3 Bd6 10.Bb2 O-O 11.Qc2 Qb8 12.Ng5 Bg6 13.Bxg6 hxg6 14.c5 Bc7 15.f4 a5
16.Ndf3 Nh7 17.Nxh7 Kxh7 18.h4 Nf6 19.h5 Ne4 20.hxg6+ fxg6 21.Nd2 Nxd2 22.Qxd2 g5
23.Qd3+ g6 24.e4 Kg7 25.e5 gxf4 26.g3 Qd8 27.Kg2 Qg5 28.Bc1 f3+ 29.Rxf3 Qg4
30.Rf4 Rxf4 31.Bxf4 Rh8 32.Rh1 Rxh1 33.Kxh1 Qf5 34.Qd2 b6 35.cxb6 Bxb6 36.Kh2 Qe4
37.Bh6+ Kh7 38.Be3 g5 39.Qf2 Qf5 40.Qxf5+ exf5 41.Kg2 Kg6 42.Kf3 g4+ 43.Ke2 f4
44.gxf4 Kf5 45.Kf2 Ke4 46.e6 Bd8 47.Bd2 Bh4+ 48.Kg2 Kxd4 49.Bxa5 Kc5 50.Be1 Bf6
51.Kg3 Kd6 52.f5 c5 53.Kxg4 Bb2 54.Kf3  1-0

[Event "ch-ROU 2013"]
[Site "Baile Olanesti ROU"]
[Date "2013.02.20"]
[Round "6.22"]
[White "Stegariu,V"]
[Black "Acsinte,M"]
[Result "1-0"]
[WhiteElo "2201"]
[BlackElo "2030"]

1.d4 d5 2.c4 c6 3.Nf3 Nf6 4.Qc2 e6 5.g3 Nbd7 6.Bg2 Be7 7.O-O O-O 8.Rd1 b6
9.Ne5 Bb7 10.Nc3 Rc8 11.e4 Qc7 12.Bf4 Bd6 13.exd5 exd5 14.cxd5 Nxd5 15.Nxd5 cxd5
16.Qxc7 Rxc7 17.Ng6 Bxf4 18.Nxf8 Nxf8 19.gxf4 Rc2 20.Rac1 Rxb2 21.Rc7 Ba6
22.Bxd5  1-0

[Event "ch-Central Serbia w 2013"]
[Site "Pozarevac SRB"]
[Date "2013.02.20"]
[Round "4.3"]
[White "Rakic,Te"]
[Black "Milosevic,Milica"]
[Result "1-0"]
[WhiteElo "1825"]
[BlackElo "1643"]

1.d4 d5 2.c4 c6 3.Nf3 Nf6 4.g3 e6 5.Bg2 Nbd7 6.O-O Bd6 7.Nc3 O-O 8.Qc2 dxc4
9.Rd1 Qe7 10.e4 e5 11.dxe5 Nxe5 12.Nxe5 Bxe5 13.h3 Bxc3 14.Qxc3 Re8 15.Re1 Be6
16.Be3 Nd7 17.Bd4 f6 18.Kh2 c5 19.Be3 Ne5 20.Red1 Bf7 21.a4 Nd3 22.b3 Qe5
23.Qxe5 Rxe5 24.f3 Nb2 25.Rd2 Nd3 26.bxc4 Bxc4 27.Bf1 Ba6 28.Bxd3 c4 29.Bc2 b6
30.Rd7 Ra5 31.Bd2 Rc5 32.Bb4 Rcc8 33.Rad1 b5 34.Be7 b4 35.Bxb4 Rab8 36.Bc3 Bb7
37.Ba5 a6 38.Rd8+ Rxd8 39.Rxd8+ Rxd8 40.Bxd8 Kf7 41.Kg2 Ke8 42.Ba5 Kd7 43.Kf2 Kc6
44.Bb4 Bc8 45.g4 Kd7 46.Ke3 Kc6 47.Kd4 Be6 48.Bd1 Kb6 49.Be2  1-0